|
|
|
|
| LEADER |
00000cam a22000004a 4500 |
| 001 |
musev2_27849 |
| 003 |
MdBmJHUP |
| 005 |
20230905042942.0 |
| 006 |
m o d |
| 007 |
cr||||||||nn|n |
| 008 |
121026s2013 aru o 00 0 eng d |
| 020 |
|
|
|a 9781610755139
|
| 020 |
|
|
|z 9781557289964
|
| 035 |
|
|
|a (OCoLC)872122427
|
| 040 |
|
|
|a MdBmJHUP
|c MdBmJHUP
|
| 100 |
1 |
|
|a Glaser, Elton.
|
| 240 |
1 |
0 |
|a Poems.
|k Selections
|
| 245 |
1 |
4 |
|a The Law of Falling Bodies :
|b Poems /
|c by Elton Glaser.
|
| 264 |
|
1 |
|a Fayetteville :
|b The University of Arkansas Press,
|c 2013.
|
| 264 |
|
3 |
|a Baltimore, Md. :
|b Project MUSE,
|c 2014
|
| 264 |
|
4 |
|c ©2013.
|
| 300 |
|
|
|a 1 online resource (108 pages).
|
| 336 |
|
|
|a text
|b txt
|2 rdacontent
|
| 337 |
|
|
|a computer
|b c
|2 rdamedia
|
| 338 |
|
|
|a online resource
|b cr
|2 rdacarrier
|
| 500 |
|
|
|a Poems.
|
| 505 |
0 |
|
|a Machine generated contents note: I -- Where the Mississippi Begins -- Squall Lines -- Sunbreak in the Poconos -- During the Deluge -- After the Storm, the Birds Begin to Sing -- It Ain't the Heat, It's the Stupidity -- In the Season of Early Dark -- Little Ice Age -- After the Harvest, before the Snow -- Liebestod -- MapQuest to Anyplace Else -- Gifts out of Dirty Weather -- Incantations of April -- Withdrawal Symptoms -- Downwind from the Uplift -- Drinking Alone on a Spring Day -- May Rain -- Turn and Return -- II -- Under the Knife -- Cuttings from Recovery -- Song with One Lung -- Second Slice -- Exit Strategy -- Residues -- Ceremony -- Not There -- Lumbar Complaints -- Over and Out -- Indelible Ink -- Closing In -- Sixty without a Crutch -- III -- The Blind One -- Slow Music with Diminished Chords -- At the Casino with Justice -- Girl down on the Farm -- Boy in the Lull of Midsummer -- Patsy Cline on the Jukebox, Seven and Seven on the Bar -- Do the Do -- Opaque Confessions from the Other Life -- Wamped -- Thanksgiving in New Orleans, 2005 -- Outlaw Blues -- Church of the Downtown Redeemer and Twiceborn Saints -- Bottoming Out -- IV -- For Helen, in Her Absence -- Less than Greek -- Autopsy -- Gin and Music -- To My God, in His Absence -- Trashing the Shadows -- Book of the Broken Spine -- When You Hear the Tone -- Empty Ever After -- Missing the Missing -- Dernier Cri -- To the Nth -- Experimental Requiem -- All Too Human -- Late Night with No Wine -- Simple Gifts.
|
| 586 |
|
|
|a "2013 winner Miller Williams poetry prize"--Cover
|
| 588 |
|
|
|a Description based on print version record.
|
| 650 |
|
7 |
|a American poetry.
|2 fast
|0 (OCoLC)fst00807348
|
| 650 |
|
7 |
|a POETRY
|x General.
|2 bisacsh
|
| 650 |
|
7 |
|a LITERARY CRITICISM
|x Poetry.
|2 bisacsh
|
| 650 |
|
6 |
|a Poesie americaine.
|
| 650 |
|
0 |
|a American poetry.
|
| 655 |
|
7 |
|a Electronic books.
|2 local
|
| 710 |
2 |
|
|a Project Muse.
|e distributor
|
| 830 |
|
0 |
|a Book collections on Project MUSE.
|
| 856 |
4 |
0 |
|z Texto completo
|u https://projectmuse.uam.elogim.com/book/27849/
|
| 945 |
|
|
|a Project MUSE - Custom Collection
|
| 945 |
|
|
|a Project MUSE - 2014 Complete
|
| 945 |
|
|
|a Project MUSE - 2014 Poetry, Fiction and Creative Non-Fiction
|